En un principio Dios creó el mundo: historia y fe
Guardat en:
| Autor principal: | |
|---|---|
| Format: | Llibre |
| Idioma: | espanyol |
| Publicat: |
Pamplona
Verbo Divino
1982
|
| Edició: | 2a. ed |
| Matèries: | |
| Etiquetes: |
Afegir etiqueta
Sense etiquetes, Sigues el primer a etiquetar aquest registre!
|
MARC
| LEADER | 00000nam a2200000 a 4500 | ||
|---|---|---|---|
| 001 | UCX3802 | ||
| 003 | CL-VaPUC | ||
| 008 | 920108e19820000SP |||||||||||||||||spa|d | ||
| 082 | 0 | 4 | |a 213 |b AUZ |2 21 |
| 100 | 0 | |a Auzou, Georges |e author |9 320002 | |
| 245 | 1 | 0 | |a En un principio Dios creó el mundo: historia y fe |
| 250 | |a 2a. ed | ||
| 300 | |a 373 p | ||
| 942 | |c BK | ||
| 945 | |d 19920108 00:00:00 | ||
| 260 | |a Pamplona |b Verbo Divino |c 1982 | ||
| 650 | 0 | |a Creación |9 313344 | |
| 650 | 0 | |a Cosmogonía |9 268652 | |
| 583 | |a last modification |c 20120709 10:02:25 |k Rodrigo Vera | ||
| 999 | |c 224462 |d 224460 | ||
| 952 | |0 0 |1 0 |4 0 |6 213_000000000000000_AUZ_1982 |7 0 |8 A |9 221112 |a BIBTEO |b BIBTEO |d 2019-11-15 |i 2898616 |o 213 AUZ 1982 |p 2898616 |r 2025-01-17 |w 2019-11-15 |y BK |k ICR | ||